Name Every Nintendo Console(Ever) - Statistics

General Stats
  • This quiz has been taken 71 times
  • The average score is 12 of 44
Answer Stats
Release Date Answer % Correct
August 23, 1991 Super Nintendo Entertainment System/SNES
77%
April 21, 1989 Game Boy
70%
February 26, 2011 Nintendo 3DS
70%
November 21, 2004 Nintendo DS
68%
December 2, 2006 Wii
68%
September 14, 2001 Gamecube
66%
March 3, 2017 Switch
66%
December 8, 2012 Wii U
66%
March 21, 2001 Game Boy Advance
61%
June 23, 1996 Nintendo 64
61%
1980-1991 Game & Watch
59%
October 21, 1998 Game Boy Color
55%
July 13, 1983 Family Computer/Famicom
45%
July 21, 1995 Virtual Boy
36%
July 21, 1996 Game Boy Pocket
30%
June 1, 1977 Color TV-Game 6
25%
March 23, 2003 Game Boy Advance SP
23%
April 14, 1998 Game Boy Light
23%
November 21, 1990 Super Famicom
23%
July 28, 2012 Nintendo 3DS XL
20%
June 8, 1977 Color TV-Game 15
18%
October 12, 2013 Nintendo 2DS
18%
November 1, 2008 Nintendo DSi
18%
February 13, 2015 New 3DS
14%
November 17, 2013 Wii Mini
14%
February 13, 2015 New 3DS XL
11%
March 28, 2010 Nintendo DSi XL
11%
March 2, 2006 Nintendo DS Lite
9%
November 11, 2016 NES Classic
7%
1980 Computer TV-Game
5%
February 28, 2001 Nintendo 64DD
5%
June 8, 1978 Game Racing 112
2%
November 17, 2003 iQUE Player
2%
July 28, 2017 New Nintendo 2DS XL
2%
October 18, 1985 Nintendo Entertainment System(NES)
2%
December 18, 2001 Panasonic Q
2%
April 23, 1995 Satellaview
2%
June 1994 Super Game Boy
2%
February 21, 1986 Famicom Disc System
0%
April 23, 1979 Game Block Breaker
0%
June 24, 2003 Game Boy Player
0%
(not released) Super NES CD-ROM
0%
October 5, 2017 Super NES Classic
0%
July 1, 1986 Twin Famicom
0%
No matching quizzes found
Score Distribution
Percent of People with Each Score
Percentile by Number Answered
Your Score History
You have not taken this quiz